000 00770nam a2200229 a 4500
001 000024217
005 20200930022822.0
008 110120s1982 sp a r 000 j spa d
020 _a8475170781
040 _aDO-SdBNP
_bspa
_cBNPHU
082 _aVe863.44
_bM385f
100 1 _aMartínez de Merlo, Luis,
_d1955-
_949740
245 1 0 _aFábula de Faetonte (1977-1981) /
_cLuis Martínez de Merlo.
260 _aMadrid, (España) :
_bEdiciones Hiperión,
_c1982.
300 _a119, [4] p. :
_bil. ;
_c21 cm.
490 1 _aScardanelli: Poesía Hiperión
_v18
650 4 _aCuentos populares venezolanos
_949741
650 4 _aLeyendas venezolanas
_949742
650 4 _aLiteratura venezolana
_93816
830 0 _aScardanelli ;
_ppoesía Hiperión
_v18
_949743
049 _aBNGR
999 _c23711
_d23711